| 000 | 01404nam a22003857a 4500 | ||
|---|---|---|---|
| 001 | 000022277 | ||
| 003 | CHAP | ||
| 005 | 20220817041654.0 | ||
| 008 | 971013s1970 r 00010 d | ||
| 010 | _a21234 | ||
| 011 | _a22206 | ||
| 035 | _a26299 | ||
| 040 | _cCHAP | ||
| 090 | _aFolleto 1570 | ||
| 100 | 0 | 0 |
_aCifuentes Lemus, Juan Luis. _923272 |
| 245 | 1 | 0 |
_aPrograma de investigaciones y fomento pesqueros México / _c/ PNUD, FAO : plan quinquenal. |
| 260 |
_aMéxico : _bInstituto Nacional de Investigaciones Biológico-Pesqueras, _c1970. |
||
| 300 | _a61 p. | ||
| 490 |
_aInstituto Nacional de Investigaciones Biológico-Pesqueras. Serie divulgación. Boletín _v; 4 |
||
| 590 |
_aBATCH-UPD _b10 _c20130110 _lUCH01 _h1316 |
||
| 590 |
_aBATCH-UPD _b10 _c20130410 _lUCH01 _h0827 |
||
| 590 |
_aBATCH-UPD _b10 _c20130914 _lUCH01 _h1354 |
||
| 590 |
_aCONVERSION _b10 _c20130109 _lUCH01 _h1313 |
||
| 590 |
_aE11695DGD _b10 _c20141121 _lUCH01 _h1324 |
||
| 650 | 1 | 4 |
_aPesquería. _987496 |
| 650 | 1 | 4 |
_aPesquería _xMéxico. _987511 |
| 700 | 0 |
_aKesteven, Geoffrey L. _963110 |
|
| 710 | 0 | _aFAO. | |
| 710 | 0 |
_aFondo Especial de las Naciones Unidas para el Desarrollo. _942113 |
|
| 830 | 0 |
_aInstituto Nacional de Investigaciones Biológico-Pesqueras. Serie divulgación. Boletín _v; 4 _959329 |
|
| 901 | _aBK | ||
| 942 | _cFOLL | ||
| 942 | _n0 | ||
| 949 |
_aFolleto 1570 _bBC _cFOLL _d-60739 _eTS1 _i26299 _si |
||
| 999 |
_c21234 _d21234 |
||